000 03736 a2200229 4500
001 46047
005 20260407155733.0
008 260407a2010 arg spa d
003 AR-UNSa-BCEJYS
040 _aAR-UNSa-BCEJYS
_bspa
_cAR-UNSa-BCEJYS
080 _a330.342.146
_xEconomía social de mercado. Economía del estado del bienestar
245 1 0 _aLa producción del trabajo asociativo
_pcondiciones, experiencias y prácticas en la economia social
264 1 _aBuenos Aires :
_bEdiciones CICCUS
_c2010
300 _a397 p.
_c23 cm.
505 _aParte I: La producción de vínculos en la gestión cotidiana de la asociatividad: 1. La productividad en cuestión. La formación de cooperativas en el proceso de recuperación de empresas en la Ciudad de Buenos Aires / María Inés Fernández Álvarez - 2. Políticas sociales focalizadas y producción de capacidades colectivas en una organización barrial del Área Reconquista / Cecilia Cross - 3. Políticas de asociación: perspectivas y tensiones en instancia de articulación social de pequeños productores agropecuarios / Matías Berger y Guillermo Neiman - 4. Las manos los saberes, las máquinas. Un análisis sobre la organización del trabajo en los elencos productivos de fábricas recuperadas / Florencia Partenio - 5. Entre la participación y la delegación: la construcción de horizontalidad en un colectivo de recolectores y recicladores de residuos sólidos urbanos / Nicolás Diana Menéndez - 6. La asociatividad para el trabajo como productora de lazos sociales: un análisis de sus dimensiones a partir de dos tipos asociativos en la Argentina actual / Nicolás Dzembrowski y Johanna Maldovan Bonelli - Parte II: Asociativismo como objeto en disputa: 7. La producción social de la espera. La experiencia del empleo - desempleo entre los varones chané de Campo Durán (Departamento Gral. San Martín, Provincia de Salta) / Sebastián Carrenzo - 8. ¿Legalizar la precariedad?: La forma cooperativa en la movilización de mano de obra en el agro / Matías Berger, Gabriel Bober, Francisco Fabio, Elena Mingo y Melina Neiman - 9. Propiedad comunitaria de la Tierra: problemática y significación a partir de un proceso de desarticulación social y territorial / Raúl Bisio, Lucía Famín e Inés Quilici - Parte III: Identidades, categorías sociales y capitales en juego: 10. Jóvenes pobres, trayectorias laborales y sentidos del trabajo: los significados de la participación juvenil en emprendimientos sociales productivos del Área Reconquista / Ada Cora Freytes Frey - 11. Bienestar, dinámica familiar y trabajo en unidades domésticas del Gran Buenos Aires / Nora Goren y Ana Lourdes Suárez - 12. Educación, trabajo y economía social. El caso de la cooperativa de producción y Aprendizaje (CooPA) / Cristian Rubén Busto - 13. Percepciones, expectativas y el uso de categorías teóricas en la investigación social / Erwin Luchtenberg - 14. Circulaciones monetarias y capital moral: una exploración desde la participación en redes religiosas de las clases particulares / Ariel Wilkis - Parte IV: Paradigmas, alternativas y dilemas políticos: 15. La economía social en Europa y en América Latina / Floreal Forni y Nicolás Dzembrowski - 16. De la utopía medieval a la economía social: grupos católicos y trabajo asociativo / Luis Donatello - 17. Asistencias y reivindicaciones. Repertorios de solidaridad en el mundo del trabajo tucumano durante los años 30 / María Ullivarri -
041 _aspa
942 _cBK
590 _aniveau_biblio:m niveau_hierar:0
100 1 _aBerger, Matías
700 1 _aCross, Cecilia
856 4 1 _uhttps://www.biblioeco.unsa.edu.ar/pmb/images/libros/L127296.jpg
_yImagen de portada
_qimage/jpeg
999 _c4128
_d4128